[Event "BCF-chT2b 0910 (4NCL)"]
[Site "England"]
[Date "2010.03.27"]
[Round "7.2"]
[White "Habershon, Paul F"]
[Black "Beaumont, Chris"]
[Result "1/2-1/2"]
[WhiteElo "2089"]
[BlackElo "2306"]
[PlyCount "121"]
[EventDate "2009.10.24"]
[EventType "team-tourn"]
[EventRounds "11"]
[EventCountry "ENG"]
[SourceTitle "EXT 2010"]
[Source "ChessBase"]
[SourceDate "2010.11.25"]
[SourceVersion "1"]
[SourceVersionDate "2010.11.25"]
[SourceQuality "1"]
[WhiteTeam "FCA Solutions"]
[BlackTeam "Bristol"]
[WhiteTeamCountry "ENG"]
[BlackTeamCountry "ENG"]

1. e4 c5 2. Nc3 g6 3. f4 Bg7 4. Nf3 Nc6 5. Bc4 e6 6. f5 Nge7 7. fxe6 dxe6 8. d3 0-0 9. 0-0 Na5 10. Bb3 Nec6 11. Kh1 Nd4 12. Nxd4 cxd4 13. Ne2 b6 14. Bd2 Nxb3 15. axb3 Bb7 16. Qe1 a6 17. Qg3 Rc8 18. Rac1 Qd7 19. Qh4 e5 20. Ng3 Rc6 21. Rf3 f5 22. exf5 gxf5 23. Qh3 Rg6 24. Rf2 Rf7 25. Rg1 e4 26. dxe4 fxe4 27. Qxd7 Rxd7 28. Rf5 e3 29. Bc1 Rc7 30. c3 dxc3 31. bxc3 Rxc3 32. b4 Rc2 33. Bxe3 Rb2 34. Rf2 Rxb4 35. Nf5 Re4 36. Rd1 Re8 37. h3 Be4 38. Nxg7 Kxg7 39. Rd7+ Kg8 40. Bd4 Bc6 41. Ra7 Bb5 42. Rff7 Re1+ 43. Kh2 Re2 44. Rg7+ Rxg7 45. Rxg7+ Kf8 46. Rxh7 Bc6 47. Rg7 b5 48. Rg6 Be4 49. Rf6+ Ke7 50. Rf2 Rxf2 51. Bxf2 Ke6 52. g4 b4 53. Bc5 a5 54. Kg3 Kd5 55. Be7 Kc4 56. Kf4 Bd5 57. Ke3 Kc3 58. Bf6+ Kc2 59. Kd4 Bg2 60. Kc5 Bxh3 61. Kb5 1/2-1/2

[Event "BCF-chT2b 0910 (4NCL)"]
[Site "England"]
[Date "2010.01.16"]
[Round "3.2"]
[White "Maciol, Ryszard"]
[Black "Beaumont, Chris"]
[Result "1/2-1/2"]
[WhiteElo "2245"]
[BlackElo "2306"]
[PlyCount "56"]
[EventDate "2009.10.24"]
[EventType "team-tourn"]
[EventRounds "11"]
[EventCountry "ENG"]
[SourceTitle "EXT 2010"]
[Source "ChessBase"]
[SourceDate "2010.11.25"]
[SourceVersion "1"]
[SourceVersionDate "2010.11.25"]
[SourceQuality "1"]
[WhiteTeam "Celtic Tigers"]
[BlackTeam "Bristol"]
[WhiteTeamCountry "ENG"]
[BlackTeamCountry "ENG"]

1. d4 Nf6 2. c4 g6 3. Nc3 d5 4. cxd5 Nxd5 5. e4 Nxc3 6. bxc3 Bg7 7. Bc4 c5 8. Ne2 Nc6 9. Be3 0-0 10. Rc1 cxd4 11. cxd4 Qa5+ 12. Kf1 Qa3 13. Qb3 Qxb3 14. Bxb3 Rd8 15. e5 Na5 16. Ba4 Be6 17. Nc3 f6 18. d5 Bxd5 19. Nxd5 Rxd5 20. exf6 Bxf6 21. Rc7 Rd3 22. Bc2 Ra3 23. Bb1 Kf7 24. Ke2 Be5 25. Rc5 Bd6 26. Rb5 Rc8 27. Bxa7 Nc6 28. Be3 Nb4 1/2-1/2

[Event "Bristol Winter op"]
[Site "Bristol"]
[Date "2009.12.05"]
[Round "2"]
[White "Beaumont, Chris"]
[Black "Jackson, James P"]
[Result "1-0"]
[WhiteElo "2308"]
[BlackElo "2093"]
[PlyCount "121"]
[EventDate "2009.12.04"]
[EventType "swiss"]
[EventRounds "5"]
[EventCountry "ENG"]
[SourceTitle "CBM 133 Extra"]
[Source "ChessBase"]
[SourceDate "2010.01.05"]
[SourceVersion "1"]
[SourceVersionDate "2010.01.05"]
[SourceQuality "1"]

1. Nf3 Nf6 2. c4 e6 3. g3 d5 4. d4 c5 5. cxd5 exd5 6. Bg2 Nc6 7. 0-0 Be7 8. Nc3 0-0 9. dxc5 Bxc5 10. Na4 Be7 11. Be3 Re8 12. Rc1 Bf8 13. Bc5 Ne4 14. Bxf8 Kxf8 15. Nd4 Qd6 16. e3 a6 17. Nb6 Rb8 18. Nb3 Nf6 19. Nxd5 Bg4 20. Qd2 Rbd8 21. Nxf6 Qxf6 22. Qc3 Ne5 23. Nd4 Kg8 24. Bxb7 Bh3 25. Bg2 Qh6 26. Nc6 Ng4 27. Nxd8 Bxg2 28. Kxg2 Qxh2+ 29. Kf3 Qh5 30. e4 Rxd8 31. Rh1 Qg6 32. Kg2 h5 33. Rhd1 Re8 34. Qc6 Re6 35. Qa8+ Kh7 36. Rc5 Ne5 37. Rh1 Qg4 38. Rxe5 Rxe5 39. Qc6 Qe2 40. Rh4 g6 41. Qf6 Rxe4 42. Qxf7+ Kh6 43. Qf8+ Kh7 44. Rxe4 Qxe4+ 45. Qf3 Qe6 46. b3 Qd6 47. Qe4 Kg8 48. b4 Kf7 49. a4 Qd7 50. Qc4+ Kg7 51. b5 axb5 52. axb5 g5 53. Qc3+ Kh7 54. Qc2+ Kg7 55. Qc5 Qd8 56. b6 Qa8+ 57. Kh2 Kf6 58. Qd6+ Kf5 59. Qd7+ Kg6 60. b7 Qf8 61. Kg2 1-0